Volkswagen Modelle - Statistiken

Allgemein
  • Dieses Quiz wurde 262 mal gespielt
  • Das Durchschnittsergebnis liegt bei 7 aus 36
Antwortstatistiken
Hint Antwort % Korrekt
Kompaktwagen Golf
95%
Kleinwagen Polo
87%
SUV Tiguan
63%
Kleinwagen up!
62%
SUV T-Roc
50%
SUV Touareg
45%
Van Touran
43%
SUV T-Cross
37%
Nutzfahrzeug Caddy
31%
SUV ID.4
27%
Kompaktwagen ID.3
26%
Nutzfahrzeug Amarok
24%
SUV ID.5
24%
Nutzfahrzeug Multivan
23%
Limousine ID.7
19%
Kombi Golf Variant
18%
Nutzfahrzeug ID. Buzz
13%
Kombi Passat Variant
13%
SUV Tiguan Allspace
6%
Kombi Arteon Shooting Brake
4%
Cabrio T-Roc Cabriolet
4%
Nutzfahrzeug Caddy California
1%
Nutzfahrzeug Caddy Cargo
1%
Nutzfahrzeug California 6.1
1%
Nutzfahrzeug Grand California
1%
Nutzfahrzeug ID. Buzz Cargo
1%
SUV Tiago
1%
Limousine Arten
0%
Nutzfahrzeug Caddy Kombi
0%
Nutzfahrzeug Caravelle 6.1
0%
Nutzfahrzeug Crafter Fahrgestell
0%
Nutzfahrzeug Crafter Kastenwagen
0%
Nutzfahrzeug Crafter Pritschenwagen
0%
Nutzfahrzeug Taxi / Funkmietwagen
0%
Nutzfahrzeug Transporter 6.1
0%
Nutzfahrzeug Transporter Kastenwagen 6.1
0%
Keine übereinstimmenden Quizze gefunden
Verteilung der Resultate
Anzahl Personen mit jedem Resultat
Perzentil nach korrekt beantworteten Fragen
Ihre Resultats-Entwicklung
Sie haben dieses Quiz noch nicht gespielt